Slavné povídky = The famous stories /
Anglicko-české vydání pěti klasických hororových povídek amerického klasika, převyprávěných do zjednodušeného jazyka a doplněných odkazem na MP3 nahrávku. Pro mírně pokročilé angličtináře.
Uloženo v:
| Hlavní autor: | |
|---|---|
| Médium: | E-kniha |
| Jazyk: | Czech English |
| Vydáno: |
Brno :
Edika,
2020
|
| Vydání: | 1. vydání |
| Edice: | Dvojjazyčná kniha pro mírně pokročilé (Edika)
|
| Témata: | |
| On-line přístup: | Audionahrávka ve formátu MP3 na |
| Tagy: |
Žádné tagy |
| LEADER | 03206cam a2200625 i 4500 | ||
|---|---|---|---|
| 001 | 311135 | ||
| 003 | CZ PrSKC | ||
| 005 | 20260601215700.0 | ||
| 007 | ta | ||
| 008 | 200206s2020 xr a g 000 j cze d | ||
| 015 | |a cnb003175098 | ||
| 020 | |a 9788026614975 |q (brožováno) : |c Kč 269,00 | ||
| 035 | |a (OCoLC)1199990375 | ||
| 040 | |a KLG001 |b cze |d ABG001 |d BOA001 |e rda | ||
| 041 | 1 | |a cze |a eng |h eng | |
| 072 | 7 | |a 811.111 |x Angličtina |2 Konspekt | |
| 072 | 7 | |a 821.111(73)-3 |x Americká próza |2 Konspekt | |
| 080 | |a 821.111(73)-32 |2 MRF | ||
| 080 | |a 811.111 |2 MRF | ||
| 080 | |a 028.4-028.31/.32 |2 MRF | ||
| 080 | |a (0:82-322.4) |2 MRF | ||
| 080 | |a (0.027)=030 |2 MRF | ||
| 100 | 1 | |a Harris, Sabrina D., |d 1975- |7 jx20091016006 |4 aut |4 trl | |
| 245 | 1 | 0 | |a Slavné povídky = |b The famous stories / |c Edgar Allan Poe ; pro výuku upravila Sabrina D. Harris |
| 246 | 3 | 1 | |a Famous stories |
| 250 | |a 1. vydání | ||
| 264 | 1 | |a Brno : |b Edika, |c 2020 | |
| 300 | |a 119 stran : |b ilustrace ; |c 21 cm | ||
| 336 | |a text |b txt |2 rdacontent | ||
| 337 | |a bez média |b n |2 rdamedia | ||
| 338 | |a svazek |b nc |2 rdacarrier | ||
| 490 | 1 | |a Dvojjazyčná kniha pro mírně pokročilé | |
| 520 | 2 | |a Anglicko-české vydání pěti klasických hororových povídek amerického klasika, převyprávěných do zjednodušeného jazyka a doplněných odkazem na MP3 nahrávku. Pro mírně pokročilé angličtináře. |b Pětice z nejslavnějších povídek E.A. Poea, které se staly součástí klasického fondu nejen hororové literatury, je tu převyprávěna do jednoduchého jazyka, přístupného mírně pokročilým studentům angličtiny, a opatřena zrcadlovým českým překladem. Knihu dále doplňují vysvětlivky, doslov s několika zajímavostmi o E.A. Poeovi a odkaz na MP3 nahrávku anglického textu v podání rodilé mluvčí. | |
| 546 | |a Souběžný anglický text | ||
| 650 | 0 | 7 | |a angličtina |7 ph114056 |2 czenas |
| 650 | 0 | 7 | |a zjednodušená četba |7 ph656682 |2 czenas |
| 650 | 0 | 9 | |a English language |2 eczenas |
| 650 | 0 | 9 | |a simplified reading |2 eczenas |
| 655 | 7 | |a americké povídky |7 fd131793 |2 czenas | |
| 655 | 7 | |a horory (povídky) |7 fd132417 |2 czenas | |
| 655 | 7 | |a dvojjazyčná vydání |7 fd194533 |2 czenas | |
| 655 | 9 | |a American short stories |2 eczenas | |
| 655 | 9 | |a horror tales |2 eczenas | |
| 655 | 9 | |a bilingual editions |2 eczenas | |
| 700 | 1 | |a Poe, Edgar Allan, |d 1809-1849 |7 jn19990006608 |4 ant | |
| 700 | 1 | 2 | |a Harris, Sabrina D., |d 1975- |t Famous stories |
| 700 | 1 | 2 | |a Harris, Sabrina D., |d 1975- |t Famous stories. |l Česky |
| 830 | 0 | |a Dvojjazyčná kniha pro mírně pokročilé (Edika) | |
| 856 | 4 | 2 | |3 Audionahrávka ve formátu MP3 na |u http://www.albatrosmedia.cz/tituly/58780995/edgar-allan-poe-slavne-povidky-b1-b2 |4 N |
| 900 | |a ABA001 |b 21 | ||
| 928 | 9 | |a Albatros Media - Edika | |
| 044 | |a xr | ||
| 910 | |a RBIT002 | ||
| 998 | |d 203602 |a https://core.palmknihy.cz/api/books/203602/cover?q59l58 |b https://core.palmknihy.cz/api/books/203602/cover/400?q59l58 |c https://core.palmknihy.cz/api/books/203602/cover/50?q59l58 |e 2029-12-31 |g 120 |i 9788026614975 |k https://core.palmknihy.cz/api/books/203602/preview.pdf |l |q 49 |r 1 |s https://www.palmknihy.cz/kniha/203602 |t ebook |y 2020 |z 0 | ||
| 999 | |d 311133 | ||